| 000 | 00723nam a22002177a 4500 | ||
|---|---|---|---|
| 999 |
_c18663 _d18663 |
||
| 003 | AR-CdUCM | ||
| 008 | 190514b ||||| |||| 00| 0 spa d | ||
| 040 |
_aMUNICIPALIDAD PROVINCIAL DEL CUSCO _cBIBLIOTECA MUNICIPAL DEL CUSCO |
||
| 082 |
_a170 / _bV13 |
||
| 100 |
_aVachet, Pierre _939390 |
||
| 245 | _aPsicología del vicio / | ||
| 260 |
_aSantiago ; _bBiblioteca ercilla, _c1935. |
||
| 300 |
_a113 páginas ; _c23 cm. |
||
| 505 | _aContenido : Historia de Pierrette -- Historia del caballero de Eón -- Historia del abate de Choisy ... | ||
| 650 |
_aPsicología _91538 |
||
| 650 |
_aVicio _926480 |
||
| 650 |
_aSociales _928612 |
||
| 700 |
_aMeza T, Julio _925982 |
||
| 942 |
_2ddc _cLIBROS |
||
| 945 |
_arah _d2019/05/14 |
||